Lập trình JAVA thế nào?
Salvato in:
| Autore principale: | |
|---|---|
| Natura: | Libro |
| Lingua: | Vietnamese |
| Pubblicazione: |
TKE
1998
|
| Tags: |
Aggiungi Tag
Nessun Tag, puoi essere il primo ad aggiungerne! !
|
| Thư viện lưu trữ: | Mạng thư viện Đại học Đà Nẵng |
|---|
| LEADER | 00590nam a2200265 4500 | ||
|---|---|---|---|
| 001 | 000026552 | ||
| 003 | 589 | ||
| 005 | 20150325120000.0 | ||
| 008 | 150325s vm 000 vie | ||
| 020 | |c 0,0000 | ||
| 040 | |a NOTTS | ||
| 100 | |a Hoàng Ngọc Giao | ||
| 245 | |a Lập trình JAVA thế nào? | ||
| 260 | |b TKE |c 1998 | ||
| OWN | |a LTT | ||
| 999 | |a From the UDN01 | ||
| TYP | |a Monograph | ||
| TYP | |a Printed language | ||
| 980 | |a Mạng thư viện Đại học Đà Nẵng | ||